000 00757nam a2200217Ii 4500
003 JO-AjNU
008 230605s9999||||xx |||||||||||||| ||und||
017 _a2010/8/2957
040 _aJO-AjNU
_bara
_erda
_cJO-AjNU
041 _aara
050 1 4 _aHF5686.S2396 2010
100 3 _aسعادة، يوسف,
_eauthor
_930824
245 0 0 _aالمحاسبة في الفكر الاسلامي
250 _aط1
264 3 1 _aم.ن: طارق للخدمات الطلابية، 2010
300 _a394ص
_bيحتوي على ببلوغرافية من ص381-394ص
336 _atext
_btxt
_2rdacontent
337 _aunmediated
_bn
_2rdamedia
338 _avolume
_bnc
_2rdacarrier
650 4 _aالمحاسبة المالية-الاقتصاد الاسلامي
_930825
999 _aA12263
_c15831
_d15831